Statistics for Vlajky zemí začínající na B

Click here to take the quiz!

General Stats

  • This quiz has been taken 30 times
  • The average score is 10 of 16

Answer Stats

Answer% Correct
Brazílie
100%
Bulharsko
86%
Bangladéš
81%
Belgie
81%
Bělorusko
76%
Bahrajn
71%
Bosna a Hercegovina
71%
Barbados
67%
Bhútán
67%
Botswana
62%
Belize
57%
Bahamy
48%
Benin
48%
Burundi
48%
Bolívie
43%
Brunej
43%

Score Distribution

Percentile by Number Answered

Percent of People with Each Score

Your Score History

You have not taken this quiz